000 00172nam a2200073Ia 4500
008 170817s9999 xx 000 0 und d
100 _aSHARMA
245 0 _aHINDI BHASHA SIKSHAN
260 _bH.P.BHARGAV AGRA
999 _c36284
_d36284